<?xml version="1.0" encoding="UTF-8"?>
<record
    xmlns:xsi="http://www.w3.org/2001/XMLSchema-instance"
    xsi:schemaLocation="http://www.loc.gov/MARC21/slim http://www.loc.gov/standards/marcxml/schema/MARC21slim.xsd"
    xmlns="http://www.loc.gov/MARC21/slim">

  <leader>00923nam a22002537a 4500</leader>
  <controlfield tag="005">20170123162352.0</controlfield>
  <datafield tag="010" ind1=" " ind2=" ">
    <subfield code="a">A-949221</subfield>
  </datafield>
  <datafield tag="020" ind1=" " ind2=" ">
    <subfield code="c">150.00</subfield>
  </datafield>
  <datafield tag="035" ind1=" " ind2=" ">
    <subfield code="a">A-949221</subfield>
  </datafield>
  <datafield tag="037" ind1=" " ind2=" ">
    <subfield code="b">Cen Lib/Ret</subfield>
  </datafield>
  <datafield tag="040" ind1=" " ind2=" ">
    <subfield code="a">DPL</subfield>
    <subfield code="b">UR</subfield>
  </datafield>
  <datafield tag="082" ind1=" " ind2=" ">
    <subfield code="a">370.954</subfield>
    <subfield code="b">&#x63A; &#x631; &#x648; </subfield>
  </datafield>
  <datafield tag="100" ind1=" " ind2=" ">
    <subfield code="a">&#x63A;&#x648;&#x631;&#x6CC;&#x60C; &#x634;&#x628;&#x6CC;&#x631; &#x627;&#x62D;&#x645;&#x62F; &#x62E;&#x627;&#x6BA; </subfield>
    <subfield code="9">109752</subfield>
  </datafield>
  <datafield tag="245" ind1=" " ind2=" ">
    <subfield code="a">/ &#x627;&#x633;&#x644;&#x627;&#x645;&#x6CC; &#x6C1;&#x646;&#x62F; &#x645;&#x6CC;&#x6BA; &#x6A9;&#x644;&#x627;&#x645;&#x648; &#x641;&#x644;&#x633;&#x641;&#x6C1; </subfield>
    <subfield code="c">&#x634;&#x628;&#x6CC;&#x631; &#x627;&#x62D;&#x645;&#x62F; &#x62E;&#x627;&#x6BA; &#x63A;&#x648;&#x631;&#x6CC;</subfield>
  </datafield>
  <datafield tag="246" ind1=" " ind2=" ">
    <subfield code="a">Islami Hind main kalamw falsafa /</subfield>
    <subfield code="b">by Shabir Ahmad Khan Ghauri</subfield>
  </datafield>
  <datafield tag="260" ind1=" " ind2=" ">
    <subfield code="a">&#x67E;&#x679;&#x646;&#x6C1; </subfield>
    <subfield code="b">&#x62E;&#x62F;&#x627; &#x628;&#x62E;&#x634; &#x648;&#x631;&#x626;&#x6CC;&#x6D2;&#x646;&#x679;&#x644; &#x67E;&#x628;&#x644;&#x6A9; &#x644;&#x627;&#x626;&#x628;&#x631;&#x6CC;&#x631;&#x6CC; </subfield>
    <subfield code="c">1967</subfield>
  </datafield>
  <datafield tag="270" ind1=" " ind2=" ">
    <subfield code="a">&#x62E;&#x62F;&#x627; &#x628;&#x62E;&#x634; &#x648;&#x631;&#x626;&#x6CC;&#x6D2;&#x646;&#x679;&#x644; &#x67E;&#x628;&#x644;&#x6A9; &#x644;&#x627;&#x626;&#x628;&#x631;&#x6CC;&#x631;&#x6CC;  </subfield>
    <subfield code="b">&#x67E;&#x679;&#x646;&#x6C1; </subfield>
  </datafield>
  <datafield tag="300" ind1=" " ind2=" ">
    <subfield code="a">389p.</subfield>
    <subfield code="c">21cm(Hb)</subfield>
  </datafield>
  <datafield tag="650" ind1=" " ind2=" ">
    <subfield code="a"> &#x62A;&#x639;&#x644;&#x6CC;&#x645;</subfield>
    <subfield code="9">137528</subfield>
  </datafield>
  <datafield tag="650" ind1=" " ind2=" ">
    <subfield code="a"> &#x62A;&#x639;&#x644;&#x6CC;&#x645;  -- &#x627;&#x633;&#x644;&#x627;&#x645; </subfield>
    <subfield code="9">400</subfield>
  </datafield>
  <datafield tag="650" ind1=" " ind2=" ">
    <subfield code="a">Education</subfield>
    <subfield code="9">1169</subfield>
  </datafield>
  <datafield tag="650" ind1=" " ind2=" ">
    <subfield code="a">Education -- Islam</subfield>
    <subfield code="9">116985</subfield>
  </datafield>
  <datafield tag="942" ind1=" " ind2=" ">
    <subfield code="2">ddc</subfield>
    <subfield code="c">UR</subfield>
    <subfield code="h">370.954</subfield>
    <subfield code="m">&#x63A; &#x631; &#x648; </subfield>
  </datafield>
  <datafield tag="999" ind1=" " ind2=" ">
    <subfield code="c">109367</subfield>
    <subfield code="d">109367</subfield>
  </datafield>
  <datafield tag="952" ind1=" " ind2=" ">
    <subfield code="0">0</subfield>
    <subfield code="1">0</subfield>
    <subfield code="4">0</subfield>
    <subfield code="7">0</subfield>
    <subfield code="a">L</subfield>
    <subfield code="b">L</subfield>
    <subfield code="d">2016-03-08</subfield>
    <subfield code="e">Cen Lib/Ref</subfield>
    <subfield code="g">150.00</subfield>
    <subfield code="l">0</subfield>
    <subfield code="o">370.954 &#x63A; &#x631; &#x648;</subfield>
    <subfield code="p">A-949221</subfield>
    <subfield code="r">2016-03-08 00:00:00</subfield>
    <subfield code="t">1</subfield>
    <subfield code="v">150.00</subfield>
    <subfield code="w">2016-03-08</subfield>
    <subfield code="y">UR</subfield>
  </datafield>
</record>
